书目信息 |
| 题名: |
政府商事登记档案公开获取制度研究
|
|
| 作者: | 孙军 著 | |
| 分册: | ||
| 出版信息: | 上海 上海世界图书出版公司 2016 |
|
| 页数: | 226页 | |
| 开本: | 24cm | |
| 丛书名: | ||
| 单 册: | ||
| 中图分类: | G275.9 | |
| 科图分类: | ||
| 主题词: | 国家行政机关--guo jia hang zheng ji guan--商务工作--档案--登记制度--研究--中国 | |
| 电子资源: | ||
| ISBN: | 978-7-5192-0555-3 | |
| 000 | 00962nam0 22002411 450 | |
| 001 | 0122100629 | |
| 005 | 20170322100629.0 | |
| 010 | @a978-7-5192-0555-3@dCNY40.00 | |
| 100 | @a20160929d2016 em y0chiy50 ea | |
| 101 | 0 | @achi |
| 102 | @aCN@b310000 | |
| 105 | @ay z 000yy | |
| 106 | @ar | |
| 200 | 1 | @a政府商事登记档案公开获取制度研究@9zheng fu shang shi deng ji dang an gong kai huo qu zhi du yan jiu@f孙军著 |
| 210 | @a上海@c上海世界图书出版公司@d2016 | |
| 215 | @a226页@d24cm | |
| 300 | @a国家社科基金项目研究成果 扬州大学“新世纪人才工程”资助出版 | |
| 330 | @a本书从商事登记档案的公示性质出发,以制度的构成要素为分析框架,从制度理念、制度规则和制度实施路径三个角度审视和重构了我国政府商事登记档案公开获取制度体系。 | |
| 606 | 0 | @a国家行政机关@9guo jia hang zheng ji guan@x商务工作@x档案@x登记制度@x研究@y中国 |
| 690 | @aG275.9@v5 | |
| 701 | 0 | @a孙军@9sun jun@c(档案学)@4著 |
| 801 | 0 | @aCN@bTANGWEI@c20170308 |
| 905 | @b0958366-9@dG275.9@e88@f4 | |
| 政府商事登记档案公开获取制度研究/孙军著.-上海:上海世界图书出版公司,2016 |
| 226页;24cm |
| 国家社科基金项目研究成果 扬州大学“新世纪人才工程”资助出版 |
| ISBN 978-7-5192-0555-3:CNY40.00 |
| 本书从商事登记档案的公示性质出发,以制度的构成要素为分析框架,从制度理念、制度规则和制度实施路径三个角度审视和重构了我国政府商事登记档案公开获取制度体系。 |
| ● |
| 相关链接 |
|
|
|
|
正题名:政府商事登记档案公开获取制度研究
索取号:G275.9/88
 
预约/预借
| 序号 | 登录号 | 条形码 | 馆藏地/架位号 | 状态 | 备注 |
| 1 | 0958366 | 209583663 | 第一样本阅览室/ [索取号:G275.9/88] | 在馆 | |
| 2 | 0958367 | 209583672 | 第四借阅区/ [索取号:G275.9/88] | 在馆 | |
| 3 | 0958368 | 209583681 | 第四借阅区/ [索取号:G275.9/88] | 在馆 | |
| 4 | 0958369 | 209583690 | 第四借阅区/ [索取号:G275.9/88] | 在馆 |